<?xml version="1.0" encoding="UTF-8"?>
<record
    xmlns:xsi="http://www.w3.org/2001/XMLSchema-instance"
    xsi:schemaLocation="http://www.loc.gov/MARC21/slim http://www.loc.gov/standards/marcxml/schema/MARC21slim.xsd"
    xmlns="http://www.loc.gov/MARC21/slim">

  <leader>00624cam a22002291  4500</leader>
  <controlfield tag="001">sa 66004298 </controlfield>
  <controlfield tag="003">DLC</controlfield>
  <controlfield tag="005">20260227112241.0</controlfield>
  <controlfield tag="008">881102s1964    xx            000 0 urdo </controlfield>
  <datafield tag="010" ind1=" " ind2=" ">
    <subfield code="a">sa 66004298 </subfield>
  </datafield>
  <datafield tag="035" ind1=" " ind2=" ">
    <subfield code="a">(OCoLC)23540885</subfield>
  </datafield>
  <datafield tag="040" ind1=" " ind2=" ">
    <subfield code="a">DLC</subfield>
    <subfield code="c">MiU</subfield>
    <subfield code="d">DLC</subfield>
  </datafield>
  <datafield tag="042" ind1=" " ind2=" ">
    <subfield code="a">premarc</subfield>
  </datafield>
  <datafield tag="050" ind1="0" ind2="0">
    <subfield code="a">PK1977</subfield>
    <subfield code="b">.M24</subfield>
  </datafield>
  <datafield tag="245" ind1="0" ind2="0">
    <subfield code="a">Majm&#x16B;&#x2BB;ah-yi alf&#x101;&#x1E93;-i z&#x324;ar&#x16B;r&#x12B; musamm&#x101; bah Lugh&#x101;t-i Kishvar&#x12B;.</subfield>
  </datafield>
  <datafield tag="260" ind1=" " ind2=" ">
    <subfield code="c">1964.</subfield>
  </datafield>
  <datafield tag="300" ind1=" " ind2=" ">
    <subfield code="a">836 p.</subfield>
    <subfield code="c">28 cm.</subfield>
  </datafield>
  <datafield tag="500" ind1=" " ind2=" ">
    <subfield code="a">Romanized.</subfield>
  </datafield>
  <datafield tag="650" ind1=" " ind2="0">
    <subfield code="a">Urdu language</subfield>
    <subfield code="v">Dictionaries.</subfield>
  </datafield>
  <datafield tag="700" ind1="2" ind2=" ">
    <subfield code="a">Ta&#x1E63;adduq &#x1E24;usain,</subfield>
    <subfield code="d">fl 1872,</subfield>
    <subfield code="e">comp.</subfield>
  </datafield>
  <datafield tag="740" ind1="0" ind2=" ">
    <subfield code="a">Lugh&#x101;t&#x12B; Kishvar&#x12B;.</subfield>
  </datafield>
  <datafield tag="999" ind1=" " ind2=" ">
    <subfield code="c">69332</subfield>
    <subfield code="d">69332</subfield>
  </datafield>
</record>
